[Event "To All Our Heroes"]
[Site "SchemingMind.com"]
[Date "2006.09.17"]
[Round "-"]
[White "Lee Shuck"]
[Black "Rony Pramanik"]
[Result "1-0"]
[WhiteCountry "ENG"]
[BlackCountry "IND"]
[WhiteElo "1287"]
[WhiteRD "65"]
[BlackElo "1192"]
[BlackRD "122"]
[GameID "67801"]

1. e4 c5 2. d4 cxd4 3. Qxd4 Nc6 4. Qa4 e5 5. Nc3 Bb4 6. a3 Bxc3+ 7. bxc3 Nge7 8. Nf3 O-O 9. Be3 d6 10. O-O-O Qc7
11. h4 a6 12. Nd2 b5 13. Bxb5 axb5 14. Qxa8 Bb7 15. Qxf8+ Kxf8 16. c4 b4 17. a4 Qa5 18. Nb3 Qxa4 19. c5 dxc5 20. Nxc5
1-0

[Event "To All Our Heroes"]
[Site "SchemingMind.com"]
[Date "2006.09.17"]
[Round "-"]
[White "vertho"]
[Black "Rony Pramanik"]
[Result "1-0"]
[WhiteCountry "NOR"]
[BlackCountry "IND"]
[WhiteElo "1580"]
[WhiteRD "190"]
[BlackElo "1543"]
[BlackRD "231"]
[GameID "67802"]

1. e4 g6 2. d4 Bg7 3. Nc3 c5 4. Nf3 cxd4 5. Nxd4 Qb6 6. Be3 Qxb2 7. Nd5 Kd8 8. Bc4 e6 9. Rb1 Qa3 10. Nb5 Qa6
11. Ndc7 Qc6 12. Bd3 b6 13. Nxa8 Qxa8 14. O-O Nc6 15. Qd2 h6 16. Nd6 Ke7 17. Nxc8+ Qxc8 18. Rfd1 Nf6 19. e5 Nxe5 20. Bb5 d5
21. Qb4+ Kd8 22. c4 Ned7 23. Rbc1 Bf8 24. Qb2 Qb7 25. Bxd7
1-0

[Event "To All Our Heroes"]
[Site "SchemingMind.com"]
[Date "2006.09.17"]
[Round "-"]
[White "MARISCAL"]
[Black "Rony Pramanik"]
[Result "1-0"]
[WhiteCountry "ESP"]
[BlackCountry "IND"]
[WhiteElo "2108"]
[WhiteRD "134"]
[BlackElo "1306"]
[BlackRD "144"]
[GameID "67803"]

1. e4 e5 2. Nf3 Nc6 3. Nc3 Nf6 4. d4 exd4 5. Nd5 h6 6. Nxd4 Bc5 7. Nb5 Bb6 8. Qf3 a6 9. Nxf6+ gxf6 10. Nc3 Ne5
11. Qd1 d6 12. Nd5 Ba5+ 13. Bd2 c6 14. Nxf6+ Qxf6 15. Bxa5 Ng4 16. Qd2 O-O 17. f3 Ne5 18. O-O-O b5 19. Qxd6 Be6 20. Bc3
1-0

[Event "To All Our Heroes"]
[Site "SchemingMind.com"]
[Date "2006.09.17"]
[Round "-"]
[White "dadshane2000"]
[Black "cnbcad"]
[Result "1-0"]
[WhiteCountry "USA"]
[BlackCountry "USA"]
[WhiteElo "1837"]
[WhiteRD "75"]
[BlackElo "1484"]
[BlackRD "60"]
[GameID "67804"]

1. e4 e5 2. Nf3 Nc6 3. Bc4 Nf6 4. Ng5 Qe7 5. Nxf7 Rg8 6. d3 d6 7. Ng5 Rh8 8. Nd2 d5 9. exd5 Nxd5 10. Bxd5 Qxg5
11. Ne4 Qf5 12. O-O Be6 13. Bxc6+ bxc6 14. f4 O-O-O 15. Qd2 exf4 16. Rxf4 Qg6 17. Qf2 Bd5 18. Be3 Bd6 19. Nxd6+ cxd6 20. Bxa7 Rd7
21. Bd4 Rf7 22. Rxf7 Bxf7 23. a4 c5 24. Bc3 Bd5 25. Re1 Rd8 26. Re7 Qg5 27. Rxg7 Qc1+ 28. Qf1 Qe3+ 29. Qf2 Qc1+ 30. Qf1 Qe3+
31. Kh1 Re8 32. Rxh7 Rg8 33. Rg7 Re8 34. Rg3 Qh6 35. Qd1 Re7 36. Bd2 Qh4 37. Qg4+ Qxg4 38. Rxg4 Re2 39. Bc3 Rxc2 40. h4 Bf7
41. Rg5
1-0

[Event "To All Our Heroes"]
[Site "SchemingMind.com"]
[Date "2006.09.17"]
[Round "-"]
[White "dadshane2000"]
[Black "Andoni Zabala"]
[Result "1-0"]
[WhiteCountry "USA"]
[BlackCountry "INT"]
[WhiteElo "1858"]
[WhiteRD "76"]
[BlackElo "1668"]
[BlackRD "92"]
[GameID "67805"]

1. e4 c6 2. d4 d5 3. Nc3 dxe4 4. Nxe4 Bf5 5. Ng3 Bg6 6. Nf3 Nf6 7. h4 h6 8. Bd3 Bxd3 9. Qxd3 e6 10. Be3 Bb4+
11. c3 Bd6 12. Ne2 Nbd7 13. O-O Qc7 14. c4 O-O-O 15. Nc3 e5 16. dxe5 Nxe5 17. Nxe5 Bxe5 18. Qf5+ Kb8 19. Rfe1 g6 20. Qc2 Ng4
21. Ne4 Nxe3 22. Rxe3 b6 23. Qb3 f5 24. Nc5 Bh2+ 25. Kh1 Rde8 26. Na6+
1-0

[Event "To All Our Heroes"]
[Site "SchemingMind.com"]
[Date "2006.09.17"]
[Round "-"]
[White "dadshane2000"]
[Black "harrib"]
[Result "0-1"]
[WhiteCountry "USA"]
[BlackCountry "GER"]
[WhiteElo "1837"]
[WhiteRD "75"]
[BlackElo "1914"]
[BlackRD "133"]
[GameID "67806"]

1. e4 e5 2. Nf3 Nc6 3. Bc4 Bc5 4. c3 Nf6 5. Qe2 O-O 6. Bb3 d5 7. exd5 Nxd5 8. Nxe5 Nxe5 9. d4 Ng4 10. dxc5 Re8
11. Bxd5 Rxe2+ 12. Kxe2 Qxd5
0-1

[Event "To All Our Heroes"]
[Site "SchemingMind.com"]
[Date "2006.09.17"]
[Round "-"]
[White "dadshane2000"]
[Black "beebparis"]
[Result "1-0"]
[WhiteCountry "USA"]
[BlackCountry "USA"]
[WhiteElo "1858"]
[WhiteRD "76"]
[BlackElo "1166"]
[BlackRD "116"]
[GameID "67807"]

1. e4 e5 2. Nf3 Nf6 3. Nc3 Nc6 4. d4 exd4 5. Nxd4 d5 6. Bb5 Bc5 7. Nxc6 bxc6 8. Bxc6+ Bd7 9. Bxa8 Qxa8 10. O-O O-O
11. exd5 Ng4 12. h3 Ne5 13. Be3 Bb6 14. Bxb6 axb6 15. Qd4 f6 16. f4 c5 17. Qe4 Nf3+ 18. Qxf3 Bf5 19. Rf2 Qa6 20. d6 g6
21. Nd5
1-0

[Event "To All Our Heroes"]
[Site "SchemingMind.com"]
[Date "2006.09.17"]
[Round "-"]
[White "dadshane2000"]
[Black "timroberts"]
[Result "1-0"]
[WhiteCountry "USA"]
[BlackCountry "USA"]
[WhiteElo "1856"]
[WhiteRD "67"]
[BlackElo "1550"]
[BlackRD "77"]
[GameID "67808"]

1. e4 e5 2. Nf3 Nc6 3. Bc4 Nf6 4. Ng5 d5 5. exd5 Na5 6. Bb5+ c6 7. dxc6 bxc6 8. Be2 h6 9. Nf3 e4 10. Ne5 Bd6
11. d4 exd3 12. Nxd3 O-O 13. O-O Qc7 14. h3 Bb7 15. b3 c5 16. Bf3 Nc6 17. Bb2 Kh8 18. Nd2 Rae8 19. Nc4 Be7 20. Re1 Rd8
21. Nce5 Nxe5 22. Bxb7 Nxd3 23. cxd3 Qxb7 24. Qc2 Qd7 25. Rad1 Nd5 26. a3
1-0

[Event "To All Our Heroes"]
[Site "SchemingMind.com"]
[Date "2006.09.17"]
[Round "-"]
[White "dadshane2000"]
[Black "Lee Shuck"]
[Result "1-0"]
[WhiteCountry "USA"]
[BlackCountry "ENG"]
[WhiteElo "1887"]
[WhiteRD "77"]
[BlackElo "1298"]
[BlackRD "102"]
[GameID "67809"]

1. e4 e5 2. Nf3 Bd6 3. Bc4 Qe7 4. d3 Nc6 5. O-O Nf6 6. Nc3 O-O 7. Re1 Nh5 8. Bg5 Nf6 9. Nd5 Qe6 10. Nxf6+ gxf6
11. Bxe6 fxg5 12. Nxg5 fxe6 13. Qh5 Ne7 14. Qxh7#
1-0

[Event "To All Our Heroes"]
[Site "SchemingMind.com"]
[Date "2006.09.17"]
[Round "-"]
[White "dadshane2000"]
[Black "vertho"]
[Result "1/2-1/2"]
[WhiteCountry "USA"]
[BlackCountry "NOR"]
[WhiteElo "1860"]
[WhiteRD "67"]
[BlackElo "1856"]
[BlackRD "89"]
[GameID "67810"]

1. e4 c5 2. Nf3 Nc6 3. d4 cxd4 4. Nxd4 Nf6 5. Nc3 e5 6. Ndb5 d6 7. Bg5 a6 8. Na3 b5 9. Nd5 Be7 10. Bxf6 Bxf6
11. c3 O-O 12. Nc2 Bb7 13. a4 Na5 14. Nce3 Nc4 15. Nxc4 bxc4 16. Bxc4 Rc8 17. Qe2 a5 18. Ba6 Bxa6 19. Qxa6 Ra8 20. Qe2 Bg5
21. h4 Bh6 22. g4 Bf4 23. Qf3 Rb8 24. b4 Re8 25. g5 axb4 26. Nxb4 Ra8 27. Nd5 Ra5 28. O-O h6 29. gxh6 Qxh4 30. Qg2 Bxh6
31. Qg3 Qxg3+ 32. fxg3 Rea8 33. Ne7+ Kf8 34. Nf5 R8a6 35. Rf3=
1/2-1/2

[Event "To All Our Heroes"]
[Site "SchemingMind.com"]
[Date "2006.09.17"]
[Round "-"]
[White "dadshane2000"]
[Black "MARISCAL"]
[Result "0-1"]
[WhiteCountry "USA"]
[BlackCountry "ESP"]
[WhiteElo "1856"]
[WhiteRD "67"]
[BlackElo "2145"]
[BlackRD "125"]
[GameID "67812"]

1. e4 e6 2. d4 d5 3. Nc3 Bb4 4. e5 c5 5. a3 Bxc3+ 6. bxc3 Qc7 7. Nf3 Ne7 8. Be2 b6 9. O-O Ba6 10. a4 Bxe2
11. Qxe2 Nd7 12. Ba3 Rc8 13. c4 dxc4 14. Qxc4 cxd4 15. Qxd4 Qc3 16. Bb2 Qxd4 17. Nxd4 Nxe5 18. Nxe6 Nf3+ 19. gxf3 fxe6 20. Rfc1 Rf8
21. Kg2 Rf5 22. Bd4 Rc4 23. Be3 Ra5 24. f4 Raxa4 25. Rxa4 Rxa4 26. c4 Nf5 27. Kf3 Kd7 28. c5 b5 29. Kg4 Kc6 30. Kf3 a5
31. Ke2 Ra2+ 32. Kd3 Nxe3 33. Kxe3 b4
0-1

[Event "To All Our Heroes"]
[Site "SchemingMind.com"]
[Date "2006.09.17"]
[Round "-"]
[White "cnbcad"]
[Black "dadshane2000"]
[Result "0-1"]
[WhiteCountry "USA"]
[BlackCountry "USA"]
[WhiteElo "1484"]
[WhiteRD "60"]
[BlackElo "1837"]
[BlackRD "75"]
[GameID "67813"]

1. e4 e5 2. Nf3 Nc6 3. Bc4 Nf6 4. Ng5 d5 5. exd5 Na5 6. Qe2 Bd6 7. d4 O-O 8. dxe5 Re8 9. Nxf7 Kxf7 10. e6+ Kg8
11. Bd3 Nxd5 12. Bxh7+ Kh8 13. Qh5 Rxe6+ 14. Be4+ Kg8 15. f3 Nf6 16. Qxa5 Nxe4 17. O-O Nf6 18. Bg5 b6 19. Qa4 Bc5+ 20. Kh1 Re5
21. Qh4 Be7 22. f4 Re2 23. Nc3 Rxc2 24. Rf3 Bb7 25. Rg3 Rxb2 26. Rh3 Bxg2+ 27. Kg1 Qd4+
0-1

[Event "To All Our Heroes"]
[Site "SchemingMind.com"]
[Date "2006.09.17"]
[Round "-"]
[White "Andoni Zabala"]
[Black "dadshane2000"]
[Result "0-1"]
[WhiteCountry "INT"]
[BlackCountry "USA"]
[WhiteElo "1671"]
[WhiteRD "91"]
[BlackElo "1860"]
[BlackRD "67"]
[GameID "67814"]

1. e4 e5 2. Nf3 Nc6 3. Bc4 Nf6 4. d3 Bc5 5. O-O d6 6. c3 Bb6 7. Be3 O-O 8. b4 Ne7 9. a4 Ng4 10. Qe2 Nxe3
11. fxe3 a6 12. Nbd2 Ng6 13. a5 Ba7 14. h3 Nf4 15. Qf2 Bxh3 16. d4 Bxg2 17. exf4 Bxf1 18. Kxf1 exf4 19. Ke2 Qf6 20. Rh1 c5
21. e5 dxe5 22. Nxe5 cxd4 23. cxd4 Qxe5+ 24. dxe5 Bxf2 25. Kxf2 Rac8 26. Bd3 h6 27. Ne4 Rfd8 28. Nd6 Rc7 29. Be4 f6 30. Nxb7 Rd4
31. Nc5 Rxc5 32. bxc5 Rxe4 33. exf6 Rc4 34. Rg1 g5 35. Re1 Rxc5 36. Re7 Rf5 37. Re6 Rxa5 38. f7+ Kxf7 39. Rxh6 Ra3 40. Rb6 g4
41. Rc6 Ra4 42. Rb6 Ra2+ 43. Kf1 g3 44. Rb4 Rf2+ 45. Kg1 Kf6 46. Ra4 Kf5 47. Rxa6 Kg4 48. Rg6+ Kf3 49. Ra6 Re2 50. Ra3+ Re3
51. Ra1 Kg4 52. Kg2 f3+ 53. Kf1 g2+
0-1

[Event "To All Our Heroes"]
[Site "SchemingMind.com"]
[Date "2006.09.17"]
[Round "-"]
[White "harrib"]
[Black "dadshane2000"]
[Result "1-0"]
[WhiteCountry "GER"]
[BlackCountry "USA"]
[WhiteElo "1960"]
[WhiteRD "129"]
[BlackElo "1822"]
[BlackRD "73"]
[GameID "67815"]

1. Nf3 b6 2. d4 Nf6 3. c4 e6 4. Nc3 Bb7 5. a3 d5 6. cxd5 Nxd5 7. Qc2 Nxc3 8. bxc3 Bd6 9. e4 Nd7 10. Bd3 c5
11. Bg5 f6 12. Be3 Rc8 13. Qe2 Qc7 14. O-O c4 15. Bc2 O-O 16. Rfd1 e5 17. h3 Ba6 18. a4 b5 19. axb5 Bxb5 20. dxe5 Bc5
21. e6 Ne5 22. Nd4 Bxd4 23. cxd4 Nd3 24. Bxd3 cxd3 25. Qa2 Bc4 26. Qxa7 Bxe6 27. Qxc7 Rxc7 28. Rxd3 Rfc8 29. f4 Rc2 30. Rd2 R2c3
31. Bf2 R8c7 32. d5 Bd7 33. e5 fxe5 34. fxe5 Bf5 35. e6 Rc8 36. Re1 Re8 37. d6 Bxe6 38. Rxe6
1-0

[Event "To All Our Heroes"]
[Site "SchemingMind.com"]
[Date "2006.09.17"]
[Round "-"]
[White "beebparis"]
[Black "dadshane2000"]
[Result "0-1"]
[WhiteCountry "USA"]
[BlackCountry "USA"]
[WhiteElo "1130"]
[WhiteRD "111"]
[BlackElo "1822"]
[BlackRD "73"]
[GameID "67816"]

1. e4 e5 2. Bb5 c6 3. Ba4 Nf6 4. Nf3 d6 5. d4 exd4 6. Qxd4 Nbd7 7. O-O Be7 8. b3 b5 9. e5 dxe5 10. Qd3 bxa4
11. bxa4 e4 12. Qd4 exf3 13. gxf3 O-O 14. Nc3 c5 15. Qf4 Nh5 16. Qe4 Rb8 17. Bb2 Rxb2 18. Ne2 Bd6 19. f4 Ndf6 20. Qe3 Qc7
21. Rad1 Bxf4 22. Qc3 Bxh2+ 23. Kg2 Bb7+ 24. f3 Nf4+
0-1

[Event "To All Our Heroes"]
[Site "SchemingMind.com"]
[Date "2006.09.17"]
[Round "-"]
[White "timroberts"]
[Black "dadshane2000"]
[Result "0-1"]
[WhiteCountry "USA"]
[BlackCountry "USA"]
[WhiteElo "1535"]
[WhiteRD "81"]
[BlackElo "1860"]
[BlackRD "67"]
[GameID "67817"]

1. e4 e5 2. Nf3 Nc6 3. Bc4 Nf6 4. d3 Bc5 5. Nc3 d6 6. a3 h6 7. Bd2 a6 8. h3 O-O 9. O-O Qe7 10. Ne2 Be6
11. Ng3 b5 12. Bb3 Qd7 13. c3 Ne7 14. Re1 Ng6 15. d4 exd4 16. cxd4 Bb6 17. Rc1 d5 18. e5 Nh7 19. Qc2 Rfc8 20. Qd3 c5
21. dxc5 Bxc5 22. Nd4 Bxd4 23. Qxd4 Ne7 24. Bc3 Ng5 25. Bc2 Nc6
0-1

[Event "To All Our Heroes"]
[Site "SchemingMind.com"]
[Date "2006.09.17"]
[Round "-"]
[White "Lee Shuck"]
[Black "dadshane2000"]
[Result "0-1"]
[WhiteCountry "ENG"]
[BlackCountry "USA"]
[WhiteElo "1228"]
[WhiteRD "70"]
[BlackElo "1862"]
[BlackRD "77"]
[GameID "67818"]

1. Nc3 g6 2. b3 Bg7 3. e4 Nc6 4. Bb5 a6 5. Ba4 b5 6. Bxb5 axb5 7. Nxb5 Bxa1 8. Nf3 Bg7 9. O-O Ba6 10. c4 Bxb5
11. cxb5 Ne5 12. Nd4 Rxa2 13. Qe2 c5 14. Nf3 Nxf3+ 15. Qxf3 e6 16. Rd1 Ne7 17. Qd3 O-O 18. Qb1 Qa5 19. Qd3 d5 20. Qc3 Bxc3
21. dxc3 Qxc3 22. b6 Ra1
0-1

[Event "To All Our Heroes"]
[Site "SchemingMind.com"]
[Date "2006.09.17"]
[Round "-"]
[White "vertho"]
[Black "dadshane2000"]
[Result "1/2-1/2"]
[WhiteCountry "NOR"]
[BlackCountry "USA"]
[WhiteElo "1839"]
[WhiteRD "88"]
[BlackElo "1856"]
[BlackRD "67"]
[GameID "67819"]

1. e4 e5 2. Nf3 Nc6 3. d4 exd4 4. Nxd4 Bc5 5. Be3 Qf6 6. c3 Nge7 7. Bc4 b6 8. O-O Bb7 9. Re1 Ne5 10. Nd2 Nxc4
11. Nxc4 O-O-O 12. f3 d5 13. Nd2 dxe4 14. Nxe4 Bxe4 15. fxe4 Nc6 16. Qa4 Kb7 17. Rad1 Bxd4 18. Bxd4 Nxd4 19. Rxd4 Qc6 20. Qd1 Qc5
21. Kh1 Rxd4 22. cxd4 Qd6 23. Qd3 Rd8 24. Rd1 Qg6=
1/2-1/2

[Event "To All Our Heroes"]
[Site "SchemingMind.com"]
[Date "2006.09.17"]
[Round "-"]
[White "Rony Pramanik"]
[Black "dadshane2000"]
[Result "0-1"]
[WhiteCountry "IND"]
[BlackCountry "USA"]
[WhiteElo "1306"]
[WhiteRD "144"]
[BlackElo "1837"]
[BlackRD "75"]
[GameID "67820"]

1. e4 e5 2. Nf3 Nc6 3. d4 exd4 4. Nxd4 Nf6 5. f3 d5 6. Bb5 Bd7 7. Bxc6 bxc6 8. e5 Nh5 9. Be3 g6 10. c3 Ng7
0-1

[Event "To All Our Heroes"]
[Site "SchemingMind.com"]
[Date "2006.09.17"]
[Round "-"]
[White "MARISCAL"]
[Black "dadshane2000"]
[Result "1-0"]
[WhiteCountry "ESP"]
[BlackCountry "USA"]
[WhiteElo "2054"]
[WhiteRD "149"]
[BlackElo "1862"]
[BlackRD "77"]
[GameID "67821"]

1. e4 e5 2. Nf3 Nc6 3. Nc3 g6 4. d4 exd4 5. Nxd4 Bg7 6. Be3 Nge7 7. Qd2 d6 8. O-O-O Be6 9. Nxe6 fxe6 10. f4 e5
11. g3 a6 12. h4 Nd4 13. h5 gxh5 14. Qh2 b5 15. Qxh5+ Kf8 16. fxe5 dxe5 17. Bxb5 Ng6 18. Rhf1+ Bf6 19. Bg5 axb5 20. Rxf6+
1-0